Szczegóły MARC21

Dziecko w zespole : praca zbiorowa /

003 -Nazwa inst., której nr kontr. jest w polu 001 [,]
    • @
    • Nazwa instytucji, której n kontrolny jest w polu 001
    • NUKAT
005 -DATA I CZAS OSTATNIEJ MODYFIKACJI [,]
    • @
    • pole kontrolne
    • 20241231114828.0
040 -Instytucja sporządzająca opis [ , ]
    • a
    • Instytucja, która sporządziła opis (NP)
    • TOR U/PDJR
    • c
    • Instytucja, która sporządziła rekord (NP)
    • TOR U/PDJR
    • d
    • Instytucja, która zmodyfikowała rekord (P)
    • TOR U/AP
    • d
    • Instytucja, która zmodyfikowała rekord (P)
    • KIEL 010/HLs
942 -Rodzaj dokumentu [ , ]
    • c
    • Rodzaj dokumentu
    • Książka
245 -Strefa tytułu i oznaczenia odpowiedzialności [0,0]
    • a
    • Tytuł
    • Dziecko w zespole : Find
    • b
    • Ciąg dalszy tytułu (NP)
    • praca zbiorowa / Find
    • c
    • Pozostałe elementy strefy tytułu i oznaczenia odpowiedzialności (NP)
    • pod red. Aleksandra Lewina ; [aut.: H. Barankiewicz et al.].
260 -Strefa adresu wydawniczego [ , ]
    • a
    • Miejsce wydania (P)
    • Warszawa :
    • b
    • Nazwa wydawcy (P)
    • Państwowe Zakłady Wydawnictw Szkolnych,
    • c
    • Data wydania (P)
    • 1960.
300 -Strefa opisu fizycznego [ , ]
    • a
    • Określenie formy książki i/lub objętość (NP)
    • 219, [1] s. ;
    • c
    • Format (NP)
    • 21 cm.
336 -Typ zawartości [ , ]
    • a
    • Termin opisujący typ zawartości
    • Tekst
    • b
    • Kod określający zawartość
    • txt
    • 2
    • Źródło (terminu i kodu)
    • rdacontent
337 -Typ mediów [ , ]
    • a
    • Tryb odtwarzania
    • Bez urządzenia pośredniczącego
    • b
    • Kod typu mediów
    • n
    • 2
    • Źródło (terminu i kodu)
    • rdamedia
338 -Typ/rodzaj nośnika [ , ]
    • a
    • Hasło opisujące typ nośnika
    • Wolumin
    • b
    • Kod typu nośnika
    • nc
    • 2
    • Źródło (terminu i kodu)
    • rdacarrier
504 -Uwaga dot. bibliogr. załącznikowej [ , ]
    • a
    • Uwaga dot. bibliografii załącznikowej
    • Bibliogr. s. 217-[218].
505 -Uwaga dot. zawartości książki [0, ]
    • a
    • Uwaga dot. zawartości książki
    • Problem korygowania niewłaściwej pozycji dziecka w zespole klasowym / Maria Pelcowa. Współdziałanie uczniów kl. III w procesie wychowania / Jadwiga Onufrowicz. Trudności wychowawcze w klasie piątej i metoda ich przezwyciężania / Halina Barankiewicz. Rola samorządu w kształtowaniu postawy społecznej ucznia liceum pedagogicznego / Wanda Rachalska.
650 -Hasło przedmiotowe [ ,7]
    • a
    • Hasło przedmiotowe
    • Samorząd w edukacji.
    • 2
    • Źródło terminu
    • kaba
    • 9
    • KHW
    • 146246
650 -Hasło przedmiotowe [ ,7]
    • a
    • Hasło przedmiotowe
    • Socjalizacja
    • z
    • Określnik geograficzny
    • Polska
    • y
    • Określnik chronologiczny
    • 1945-1970.
    • 2
    • Źródło terminu
    • kaba
    • 9
    • KHW
    • 466860
650 -Hasło przedmiotowe [ ,7]
    • a
    • Hasło przedmiotowe
    • Wychowanie dzieci
    • z
    • Określnik geograficzny
    • Polska
    • y
    • Określnik chronologiczny
    • 1945-1970.
    • 2
    • Źródło terminu
    • kaba
    • 9
    • KHW
    • 363748
700 -Hasło dodatkowe - nazwa osobowa [1,2]
    • a
    • Nazwa osobowa (NP)
    • Onufrowicz, Jadwiga. Find
    • t
    • Tytuł ujednolicony/tytuł (NP)
    • Współdziałanie uczniów kl. III w procesie wychowania Find
    • l
    • Język tekstu (NP)
    • (pol.)
    • 9
    • KHW
    • 466800
700 -Hasło dodatkowe - nazwa osobowa [1,2]
    • a
    • Nazwa osobowa (NP)
    • Barankiewiczowa, Halina. Find
    • t
    • Tytuł ujednolicony/tytuł (NP)
    • Trudności wychowawcze w klasie piątej i metoda ich przezwyciężania Find
    • l
    • Język tekstu (NP)
    • (pol.)
    • 9
    • KHW
    • 466797
700 -Hasło dodatkowe - nazwa osobowa [1,2]
    • a
    • Nazwa osobowa (NP)
    • Pelcowa, Maria. Find
    • t
    • Tytuł ujednolicony/tytuł (NP)
    • Problem korygowania niewłaściwej pozycji dziecka w zespole klasowym Find
    • l
    • Język tekstu (NP)
    • (pol.)
    • 9
    • KHW
    • 466798
700 -Hasło dodatkowe - nazwa osobowa [1,2]
    • a
    • Nazwa osobowa (NP)
    • Rachalska, Wanda Find
    • d
    • Daty biograficzne (NP)
    • (1918-2002).
    • t
    • Tytuł ujednolicony/tytuł (NP)
    • Rola samorządu w kształtowaniu postawy społecznej ucznia liceum pedagogicznego Find
    • l
    • Język tekstu (NP)
    • (pol.)
    • 9
    • KHW
    • 466799
700 -Hasło dodatkowe - nazwa osobowa [1, ]
    • a
    • Nazwa osobowa (NP)
    • Lewin, Aleksander Find
    • d
    • Daty biograficzne (NP)
    • (1915-2002).
    • e
    • Określenie rodzaju współpracy
    • Red.
    • 9
    • KHW
    • 38361
700 -Hasło dodatkowe - nazwa osobowa [1, ]
    • a
    • Nazwa osobowa (NP)
    • Barankiewiczowa, Halina. Find
    • 9
    • KHW
    • 418342
710 -Hasło dodatkowe - nazwa ciała zbiorowego [2, ]
    • a
    • Nazwa ciała zbiorowego lub nazwa geograficzna jako pierwszy element (NP)
    • Państwowe Zakłady Wydawnictw Szkolnych.
    • 4
    • Kod relacji
    • pbl
    • 9
    • KHW
    • 55158
Lokalizacja Status udost. Numer inwentarzowy
BG1Pd.5746
BG-3SN.27411